Boletín agrícola y meteorológico de la Granja Experimental de Barcelona
Descripción Física:
Taules ; 24 cm
MARC
| LEADER | 00000nam a2200000Ia 4500 | ||
|---|---|---|---|
| 001 | |||
| 008 | 160829s1899 - xx 000 0 cat d | ||
| 008 | 160829s9999 xx 000 0 cat d | ||
| 080 | |a 1949, exp. 2; 1950, exp. 11 | ||
| 245 | |a Boletín agrícola y meteorológico de la Granja Experimental de Barcelona | ||
| 260 | |a Barcelona : |b Imp. Francisco J. Altés y Alabart, |c 1899 - | ||
| 300 | |a Taules ; |c 24 cm | ||
| 362 | |a Año 1, no. 1 (enero 1899)- | ||
| 590 | |a Mensual. | ||
| 590 | |a Descripció basada en: Año 1, no. 1 (enero 1899) | ||
| 650 | |a Granja Experimental de Barcelona |x Revistes |9 48352 | ||
| 650 | |a Meteorologia |x Observacions |x Revistes |9 48353 | ||
| 710 | 2 | |a Granja Experimental de Barcelona |9 55359 | |
| 866 | |a Any 1, 1899 (1, 7) | ||
| 901 | |a Arxiu | ||
| 942 | |n 1 | ||
| 952 | |0 0 |1 0 |4 0 |6 1949_EXP_2_1950_EXP_11 |7 1 |9 54488 |a Arxiu |b Arxiu |d 2016-12-01 |l 0 |o 1949, exp. 2; 1950, exp. 11 |r 2016-12-01 00:00:00 |w 2016-12-01 |y ARXIU | ||
| 999 | |c 58357 |d 58357 | ||